| 000 -LEADER |
| fixed length control field |
00605nam a22001697a 4500 |
| 020 ## - INTERNATIONAL STANDARD BOOK NUMBER |
| ISBN |
9780367641726 (hbk) |
| 082 ## - DEWEY DECIMAL CLASSIFICATION NUMBER |
| Classification number |
351.01 |
| Item number |
Sa213 2021 |
| 100 ## - MAIN ENTRY--AUTHOR NAME |
| Personal name |
Sandaryan, Henry T., author. |
| 245 ## - TITLE STATEMENT |
| Title |
International perspectives on public administration / Henry T. Sardaryan. |
| 260 ## - PUBLICATION, DISTRIBUTION, ETC. (IMPRINT) |
| Place of publication |
Abingdon, Oxon ; New York, NY : |
| Name of publisher |
Routlege, |
| Year of publication |
c2021. |
| 300 ## - PHYSICAL DESCRIPTION |
| Number of Pages |
1 online resource, 125 pages. |
| 490 ## - SERIES STATEMENT |
| Series statement |
Innovations in international affairs |
| 500 ## - GENERAL NOTE |
| General note |
Includes bibliographical references and index. |
| 650 ## - SUBJECT ADDED ENTRY--TOPICAL TERM |
| Topical Term |
Public administration - Philosophy. |
| 650 ## - SUBJECT ADDED ENTRY--TOPICAL TERM |
| Topical Term |
Comparative government. |
| 942 ## - ADDED ENTRY ELEMENTS (KOHA) |
| Koha item type |
Electronic Books |